000 00859nam a2200229 4500
001 111638
003 ES-MaACL
005 20230906185333.0
007 t|
008 061121s1984 sp r ||||1| spa d
110 2 _aOrganización de Cooperación y Desarrollo Económico.
_9167502
245 1 0 _aPerspectivas del empleo /
_cOrganización de Cooperación y Desarrollo Económico ; traducción de Aurelio Martínez Benito ; revisión de Lluis Fina Sanglas.
260 _aMadrid :
_bMinisterio de Trabajo y Seguridad Social,
_c1984.
300 _a217 p. ;
_c22 cm.
490 1 _aInformes ocde
700 1 _aMartínez Benito, Aurelio.
_977891
700 1 _aFina, Lluís.
_950864
710 1 _aEspaña.
_bMinisterio de Trabajo y Seguridad Social.
_93936
830 0 _aInformes ocde
_9185686
852 _aES-MaACL
_jL-6751
_bR.107403
999 _c111638
_d111638